Т. 20, № 1; Экология и промышленность России

Bibliographische Detailangaben
Parent link:Экология и промышленность России: ежемесячный научно-технический журнал/ Российская академия наук, Национальный исследовательский технологический университет "МИСиС", ООО "Калвис" ; -1/20150112. Т. 20, № 1.— , 2001-
Sprache:Russisch
Veröffentlicht: 2016
Format: MixedMaterials Buch
KOHA link:https://koha.lib.tpu.ru/cgi-bin/koha/opac-detail.pl?biblionumber=558412

MARC

LEADER 00000nam2a2200000 4500
001 558412
005 20231101122340.0
035 |a (RuTPU)RU\TPU\prd\253007 
090 |a 558412 
100 |a 20160224a20019999km y0rusy50 ca 
101 0 |a rus 
102 |a RU 
200 0 |a Т. 20, № 1 
210 |d 2016 
461 1 |0 (RuTPU)RU\TPU\prd\1141  |t Экология и промышленность России  |o ежемесячный научно-технический журнал  |f Российская академия наук, Национальный исследовательский технологический университет "МИСиС", ООО "Калвис" ; -1/20150112  |v Т. 20, № 1  |d 2001- 
801 0 |a RU  |b 63413507  |c 20010227  |g PSBO 
801 1 |a RU  |b 63413507  |c 20160224 
801 2 |a RU  |b 63413507  |c 20230628  |g RCR 
942 |c BK 
999 |a НТБ_ТПУ  |b НФ  |e -1/20160111  |p П-9256  |s 6/20151117  |u 0,00  |v 1